01145cam a2200193 a 4500020001500000050001800015100002200033245009500055250001200150260004800162300003300210440002600243500012300269505047100392650001700863650002700880700002500907700001900932 a157996050200aHG4515b.B57 1 aGraber, Robert S.10aFundamentals of investments for financial planning /cRobert S. Graber, Walt J. Woerheide. a2nd ed. aBryn Mawr, Pa. :bAmerican College,cc2002. axv, 563 p. :bill. ;c27 cm. 0aHuebner School series aRev. ed. of: Fundamentals of investments for financial planning / Roger C. Bird, Robert S. Graber, Paul Hoffman. 2001. aIntroduction to investments Types of investments The securities markets Securities valuation Fixed-Income securities The determinants of fixed-income securities yields risk and diversification Efficient market hypothesis Securities analysis and selection techniques The stock market and the economy Stock market forecasting and individual security trading strategies Mutual funds Options and combination securities Futures Real estate investments Glossary  0aInvestments. 0aSaving and investment.1 aWoerheide, Walter J.1 aBird, Roger C.